| 000 | 00404nam a2200169Ia 4500 | ||
|---|---|---|---|
| 008 | 230524s9999 xx 000 0 und d | ||
| 020 | _a9780070634190 | ||
| 082 |
_a513 _bRAM |
||
| 100 | _aB.V.Ramana | ||
| 245 | 0 | _aHigher Engineering Mathematics | |
| 250 | _a4TH | ||
| 260 |
_aNEW DELHI _bTMH _c2008 |
||
| 300 | _aXI;33.17 | ||
| 500 | _aQuantity Number: 90 | ||
| 650 | _aMathematics | ||
| 942 | _cBK | ||
| 999 |
_c39232 _d39232 |
||